| 000 | 00671nam a2200205Ia 4500 | ||
|---|---|---|---|
| 003 | GCL | ||
| 008 | 140319s9999 xx 000 0 ara d | ||
| 040 |
_aGCL / _cGCL |
||
| 082 | 0 | 4 |
_a158.2 _bا ق |
| 100 | 1 | _aاتكنسون، وليم ووكر | |
| 245 | 1 | 0 |
_aالقوة الفكرية فى المغنطيسية الحيوية / _cاتكنسون، وليم ووكر |
| 700 | 1 | _aحنا اسعد فهمى | |
| 260 |
_a[S.N] : _bدار العرب الاسلامى |
||
| 300 | _a104 ص | ||
| 490 | _a | ||
| 650 | 0 | 4 | _aالعلاقات الانسانية |
| 650 | 0 | 4 | _aالفلسفة العقلية |
| 650 | 0 | 4 | _aعلم النفس الاجتماعى |
| 942 |
_2ddc _cBK |
||
| 999 |
_c34969 _d34969 |
||